00730nai a2200181Ia 4500003000900000008004100009022002300050040001600073245006200089260008600151310001300237362002400250521006900274650001500343650005800358650003900416856009300455IN-BaIIA211028c9999 xx s 000 0 eng d a2637-6431 (Online) cIIA Library 0aIEEE Open Journal of Antennas and Propagationh[eJournal] aNew York, USAbThe Institute of Electrical and Electronics Engineers, Inc. (IEEE) aAnnually a1(); 2020 - Present bSubscribed through National Knowledge Resource Consortium (NKRC) a Aerospace a Communication, Networking and Broadcast Technologies aFields, Waves and Electromagnetics uhttps://ieeexplore.ieee.org/servlet/opac?punumber=8566058yClick Here to Access eJournal